000 00370nam a2200145Ia 4500
008 230917s9999||||xx |||||||||||||| ||und||
040 _e80723
_aMAIN
041 _aEnglish
082 _a346.015 B57P
100 _aBlack Ba, Jill M
245 2 _aA practical approach to family law
260 _aLondon
_bFinancial Training
_c1986
300 _axxii, 417 p.
942 _cBK
999 _c77654
_d77654